[Event "CYCC U14"]
[Site "Ottawa CAN"]
[Date "2013.07.10"]
[Round "2"]
[White "Cao, Jason"]
[Black "Lin, Alex"]
[Result "1-0"]
[WhiteElo "2239"]
[BlackElo "1809"]
[PlyCount "127"]
[GameId "2160767909334759"]
[EventDate "2013.07.10"]
[EventType "swiss"]
[EventRounds "6"]
[EventCountry "CAN"]
[SourceTitle "EXT 2022"]
[Source "ChessBase"]
[SourceDate "2021.10.06"]
[SourceVersion "1"]
[SourceVersionDate "2021.10.06"]
[SourceQuality "1"]

1. e4 e5 2. Nf3 Nc6 3. Bb5 a6 4. Ba4 Nf6 5. d3 b5 6. Bb3 Be7 7. O-O O-O 8. c3 d6 9. Nbd2 Bb7 10. Re1 h6 11. Nf1 Re8 12. Ng3 Bf8 13. d4 Qd7 14. h3 Rad8 15. a4 g6 16. axb5 axb5 17. d5 Nb8 18. Ra7 Qc8 19. Be3 Nbd7 20. Qd2 Kh7 21. Qd3 Ba6 22. Ra1 Nb8 23. c4 bxc4 24. Bxc4 Bxc4 25. Qxc4 Re7 26. b4 Qd7 27. b5 Rc8 28. Rb7 Ne8 29. Rc1 Qd8 30. Qb3 Nd7 31. Nd2 Rb8 32. Rxb8 Qxb8 33. Nc4 Qa8 34. Rc2 Nb8 35. Ra2 Qb7 36. Ra7 Qc8 37. Na5 Nf6 38. Ra8 Re8 39. Ba7 Nfd7 40. Qf3 Kg8 41. Qg4 Bg7 42. h4 h5 43. Qh3 Kh7 44. Bxb8 Nb6 45. Qxc8 Rxc8 46. Ra7 Rxb8 47. Rxc7 Kg8 48. Nf1 Na4 49. Rb7 Rxb7 50. Nxb7 Bf8 51. Na5 Be7 52. Nc4 Kf8 53. Nfe3 Ke8 54. g3 Kd7 55. Nd1 Bd8 56. f3 f6 57. g4 Bb6+ 58. Nxb6+ Nxb6 59. gxh5 gxh5 60. Ne3 Na4 61. Nf5 Kc7 62. Kf2 Nc5 63. b6+ Kxb6 64. Nxd6 1-0

[Event "CYCC U14"]
[Site "Ottawa CAN"]
[Date "2013.07.10"]
[Round "2"]
[White "Cheung, Darren"]
[Black "D'Amore, Tyler"]
[Result "1/2-1/2"]
[WhiteElo "1210"]
[BlackElo "965"]
[PlyCount "63"]
[GameId "2160767909334760"]
[EventDate "2013.07.10"]
[EventType "swiss"]
[EventRounds "6"]
[EventCountry "CAN"]
[SourceTitle "hb 2013"]

1. e4 c5 2. Nf3 d6 3. d4 cxd4 4. Nxd4 Nf6 5. Nc3 a6 6. Bc4 e6 7. Bg5 Be7 8. Qd2 O-O 9. h4 b5 10. Bb3 Bb7 11. f3 Re8 12. h5 Nbd7 13. g4 Rc8 14. Bxf6 Bxf6 15. Rg1 Qb6 16. Nce2 Ne5 17. g5 Be7 18. g6 hxg6 19. hxg6 Bh4+ 20. Kd1 Nxg6 21. Rxg6 fxg6 22. Bxe6+ Rxe6 23. Nxe6 Kf7 24. Qf4+ Bf6 25. N6d4 Kg8 26. c3 b4 27. Rc1 bxc3 28. bxc3 Be5 29. Qg4 Qb2 30. Qe6+ Kh7 31. Qh3+ Kg8 32. Qe6+ 1/2-1/2

[Event "CYCC U14"]
[Site "Ottawa CAN"]
[Date "2013.07.10"]
[Round "2"]
[White "Colvin, Andrew"]
[Black "Booth, Andrew"]
[Result "1-0"]
[WhiteElo "1043"]
[BlackElo "759"]
[PlyCount "75"]
[GameId "2160767909334761"]
[EventDate "2013.07.10"]
[EventType "swiss"]
[EventRounds "6"]
[EventCountry "CAN"]
[SourceTitle "hb 2013"]

1. e4 e5 2. Nf3 Nc6 3. Bc4 Qf6 4. Nc3 Qd6 5. d3 a6 6. O-O b5 7. Bd5 Nf6 8. Bxc6 dxc6 9. Bg5 Ng4 10. h3 Nf6 11. Qd2 h6 12. Bh4 c5 13. Bg3 b4 14. Ne2 g5 15. Bxe5 Qe7 16. c3 Rb8 17. cxb4 cxb4 18. Rac1 Rb7 19. Ng3 Bg7 20. Nf5 Qf8 21. Bxf6 Bxf6 22. Rfe1 Rh7 23. Ng3 Qg7 24. b3 Bb2 25. Rc2 Ba3 26. Nf5 Bxf5 27. exf5+ Kf8 28. Qe2 Rb8 29. Rxc7 f6 30. Rxg7 Rxg7 31. Nd4 Rd8 32. Ne6+ Kf7 33. Nxd8+ Kg8 34. Qe6+ Kh7 35. Qxf6 Bb2 36. Qxb2 Rd7 37. Ne6 Rxd3 38. Qg7# 1-0

[Event "CYCC U14"]
[Site "Ottawa CAN"]
[Date "2013.07.10"]
[Round "2"]
[White "Fischer, Zachary"]
[Black "Baskaran, Karthik"]
[Result "0-1"]
[WhiteElo "979"]
[BlackElo "1368"]
[PlyCount "104"]
[GameId "2160767909334762"]
[EventDate "2013.07.10"]
[EventType "swiss"]
[EventRounds "6"]
[EventCountry "CAN"]
[SourceTitle "hb 2013"]

1. e4 c5 2. Nf3 d6 3. Bc4 Nc6 4. Nc3 Nf6 5. d3 Bg4 6. h3 Bh5 7. g4 Bg6 8. Ng5 e6 9. O-O h5 10. f4 Nd4 11. Nb5 Nxb5 12. Bxb5+ Nd7 13. f5 exf5 14. exf5 Bh7 15. Re1+ Be7 16. Bc4 Bg8 17. gxh5 a6 18. a4 Ne5 19. Bd5 Bxg5 20. c3 Bxc1 21. Rxc1 Qg5+ 22. Kf1 Qf4+ 23. Kg1 Qg3+ 24. Kf1 Qxh3+ 25. Bg2 Qxf5+ 26. Qf3 Qxf3+ 27. Bxf3 O-O-O 28. Bg2 Nxd3 29. Rcd1 Nxe1 30. Rxe1 Rxh5 31. Re7 f6 32. Bxb7+ Kb8 33. Bf3 Rf5 34. Kf2 Bd5 35. Rxg7 Rxf3+ 36. Ke2 Rh8 37. Rg2 Rhh3 38. c4 Bxc4+ 39. Ke1 Rb3 40. a5 Rh1+ 41. Kf2 Rxb2+ 42. Kg3 Rxg2+ 43. Kxg2 Bd5+ 44. Kf2 f5 45. Ke3 Be4 46. Kf4 Rf1+ 47. Kg5 f4 48. Kf6 f3 49. Ke6 f2 50. Kxd6 Rd1+ 51. Kxc5 f1=Q 52. Kb6 Qb5# 0-1

[Event "CYCC U14"]
[Site "Ottawa CAN"]
[Date "2013.07.10"]
[Round "2"]
[White "Laframboise, Ian"]
[Black "Belec, Eric"]
[Result "0-1"]
[WhiteElo "1013"]
[BlackElo "748"]
[PlyCount "58"]
[GameId "2160767909334765"]
[EventDate "2013.07.10"]
[EventType "swiss"]
[EventRounds "6"]
[EventCountry "CAN"]
[SourceTitle "hb 2013"]

1. d4 Nc6 2. e4 e5 3. c3 d6 4. Nf3 Bg4 5. Bg5 Be7 6. Bb5 Bxg5 7. h3 Bxf3 8. Qxf3 Nf6 9. Qf5 Bf4 10. g3 a6 11. Bxc6+ bxc6 12. gxf4 g6 13. Qg5 Nxe4 14. Qg2 d5 15. dxe5 O-O 16. c4 Rb8 17. b3 Qh4 18. cxd5 cxd5 19. Nd2 Nxd2 20. Kxd2 c6 21. Qg4 Qxf2+ 22. Kc3 f5 23. Qg5 c5 24. Rhd1 Rb4 25. Qe7 Rd4 26. Qxc5 Rd3+ 27. Kb4 Rb8+ 28. Ka4 Qxc5 29. Rxd3 Qb4# 0-1

[Event "CYCC U14"]
[Site "Ottawa CAN"]
[Date "2013.07.10"]
[Round "2"]
[White "Lee, Nicholas"]
[Black "Graif, William"]
[Result "0-1"]
[WhiteElo "1750"]
[BlackElo "2096"]
[PlyCount "104"]
[GameId "2160767909334766"]
[EventDate "2013.07.10"]
[EventType "swiss"]
[EventRounds "6"]
[EventCountry "CAN"]
[SourceTitle "hb 2013"]

1. e4 c5 2. Nf3 d6 3. d4 cxd4 4. Nxd4 Nf6 5. Nc3 g6 6. Be3 Bg7 7. f3 O-O 8. Qd2 Nc6 9. O-O-O Nxd4 10. Bxd4 Be6 11. h4 Qa5 12. Kb1 Rfc8 13. Nd5 Qxd2 14. Rxd2 Bxd5 15. exd5 Bh6 16. Rd3 Nxd5 17. Bxa7 Nb4 18. Rb3 Rxc2 19. Bd3 Rxg2 20. Rxb4 Rxa7 21. Be4 Bg7 22. Bxb7 Rxb2+ 23. Rxb2 Bxb2 24. Kxb2 Rxb7+ 25. Kc3 Kf8 26. a4 Ke8 27. h5 g5 28. a5 Kd7 29. a6 Ra7 30. f4 gxf4 31. Rg1 Rxa6 32. Rg7 h6 33. Rxf7 Ra5 34. Rxf4 Rxh5 35. Kd3 e5 36. Rf6 Ke7 37. Rg6 d5 38. Rc6 Rh3+ 39. Ke2 d4 40. Ra6 Kd7 41. Rb6 h5 42. Kf2 h4 43. Rh6 e4 44. Kg2 Rg3+ 45. Kf2 Rf3+ 46. Ke2 h3 47. Rh4 d3+ 48. Ke1 Re3+ 49. Kd1 Kd6 50. Rh5 Rg3 51. Kd2 Rg2+ 52. Ke1 e3 0-1

[Event "CYCC U14"]
[Site "Ottawa CAN"]
[Date "2013.07.10"]
[Round "2"]
[White "Lee, Stefano"]
[Black "Luo, Alan"]
[Result "0-1"]
[WhiteElo "954"]
[BlackElo "1221"]
[PlyCount "74"]
[GameId "2160767909334767"]
[EventDate "2013.07.10"]
[EventType "swiss"]
[EventRounds "6"]
[EventCountry "CAN"]
[SourceTitle "hb 2013"]

1. e4 e5 2. Nf3 Nc6 3. Bc4 Nf6 4. d3 Bc5 5. c3 d6 6. d4 Bb6 7. d5 Ne7 8. Bd3 O-O 9. O-O Nd7 10. b4 f5 11. Ng5 Nf6 12. exf5 Nxf5 13. Qc2 Nh5 14. g4 Nf4 15. Bxf4 exf4 16. Ne6 Bxe6 17. dxe6 Nh4 18. Bxh7+ Kh8 19. Nd2 Qg5 20. h3 g6 21. e7 Rfe8 22. Bxg6 Nxg6 23. Nf3 Qh6 24. g5 Qh5 25. Rae1 Nh4 26. Nxh4 Qxg5+ 27. Kh2 Qxh4 28. Qg6 Bxf2 29. Rxf2 Qxf2+ 30. Kh1 Qxe1+ 31. Kh2 Qg3+ 32. Qxg3 fxg3+ 33. Kxg3 Rxe7 34. h4 Rg8+ 35. Kh3 Re3+ 36. Kh2 Reg3 37. Kh1 Rh3# 0-1

[Event "CYCC U14"]
[Site "Ottawa CAN"]
[Date "2013.07.10"]
[Round "2"]
[White "Li, Yinshi"]
[Black "Michelashvili, Alexandre"]
[Result "1-0"]
[WhiteElo "2081"]
[BlackElo "1776"]
[PlyCount "56"]
[GameId "2160767909334768"]
[EventDate "2013.07.10"]
[EventType "swiss"]
[EventRounds "6"]
[EventCountry "CAN"]
[SourceTitle "hb 2013"]

1. d4 d5 2. c4 e6 3. Nc3 Nf6 4. Bg5 Be7 5. e3 O-O 6. cxd5 exd5 7. Bd3 h6 8. Bh4 b6 9. Nf3 Nbd7 10. O-O Bb7 11. Rc1 Ne4 12. Bxe7 Qxe7 13. Qe2 c6 14. Ba6 Bxa6 15. Qxa6 Rfc8 16. Nxd5 Qd6 17. Nc3 Nxc3 18. Rxc3 Rc7 19. Rfc1 Rac8 20. Qe2 c5 21. h3 cxd4 22. Rxc7 Rxc7 23. Rxc7 Qxc7 24. exd4 Nf6 25. g3 Qc6 26. Ne5 Qe6 27. Qc4 Qxh3 28. Qxf7+ Kh7 1-0

[Event "CYCC U14"]
[Site "Ottawa CAN"]
[Date "2013.07.10"]
[Round "2"]
[White "Mainville, Yanic"]
[Black "Gariaev, Gleb"]
[Result "0-1"]
[WhiteElo "905"]
[BlackElo "1199"]
[PlyCount "60"]
[GameId "2160767909334769"]
[EventDate "2013.07.10"]
[EventType "swiss"]
[EventRounds "6"]
[EventCountry "CAN"]
[SourceTitle "hb 2013"]

1. e4 e5 2. Nf3 Nc6 3. Bb5 a6 4. Ba4 Nf6 5. Nc3 Bc5 6. O-O d6 7. d3 Bg4 8. Bg5 b5 9. Bb3 Nd4 10. Bd5 c6 11. Bxf7+ Kxf7 12. h3 Nxf3+ 13. gxf3 Bxh3 14. Re1 Qb6 15. Bh4 g5 16. Bg3 Nh5 17. Qd2 Nxg3 18. Re3 Bxe3 19. fxe3 Nh5 20. d4 exd4 21. exd4 Rhg8 22. Ne2 d5 23. e5 c5 24. c3 cxd4 25. cxd4 Qg6 26. Rc1 Ra7 27. Rc3 Nf4 28. Nxf4 gxf4+ 29. Kf2 Qg2+ 30. Ke1 Qf1# 0-1

[Event "CYCC U14"]
[Site "Ottawa CAN"]
[Date "2013.07.10"]
[Round "2"]
[White "Nitu, Vladimir"]
[Black "Li, Michael"]
[Result "1/2-1/2"]
[WhiteElo "1402"]
[BlackElo "1946"]
[PlyCount "52"]
[GameId "2160767909334770"]
[EventDate "2013.07.10"]
[EventType "swiss"]
[EventRounds "6"]
[EventCountry "CAN"]
[SourceTitle "hb 2013"]

1. d4 e6 2. e4 d5 3. e5 c5 4. c3 Nc6 5. f4 Nge7 6. Nf3 Ng6 7. Be3 Qb6 8. Qc2 Bd7 9. Be2 Na5 10. b3 Nc6 11. O-O a5 12. Bd1 Be7 13. Qf2 cxd4 14. Nxd4 Bc5 15. Nd2 Bxd4 16. Bxd4 Nxd4 17. Qxd4 Qxd4+ 18. cxd4 Bb5 19. Rf3 Rc8 20. g3 Ne7 21. Rf2 Kd7 22. Nf3 h6 23. Bc2 Rc3 24. Rd1 Rhc8 25. Rdd2 Nc6 26. a3 Ne7 1/2-1/2

[Event "CYCC U14"]
[Site "Ottawa CAN"]
[Date "2013.07.10"]
[Round "2"]
[White "Saha, Ananda"]
[Black "Godbout, Gordan"]
[Result "1-0"]
[WhiteElo "1816"]
[BlackElo "615"]
[PlyCount "51"]
[GameId "2160767909334771"]
[EventDate "2013.07.10"]
[EventType "swiss"]
[EventRounds "6"]
[EventCountry "CAN"]
[SourceTitle "hb 2013"]

1. d4 Nc6 2. c4 e6 3. Nf3 Bb4+ 4. Bd2 d5 5. Bxb4 Nxb4 6. e3 Nf6 7. Qa4+ Bd7 8. Qxb4 b6 9. c5 O-O 10. Bd3 Qe7 11. O-O Kh8 12. a3 a5 13. Qc3 bxc5 14. Qxc5 Qd8 15. Nbd2 Ng4 16. h3 Nh6 17. Ne5 g6 18. b4 Rg8 19. bxa5 g5 20. Ndf3 Ba4 21. Rfc1 g4 22. hxg4 Nxg4 23. Nxf7+ Kg7 24. Nxd8 Raxd8 25. Qe7+ Kh8 26. Qxh7# 1-0

[Event "CYCC U14"]
[Site "Ottawa CAN"]
[Date "2013.07.10"]
[Round "2"]
[White "Shi, Diwen"]
[Black "Cheung, Lukas"]
[Result "1-0"]
[WhiteElo "2030"]
[BlackElo "1496"]
[PlyCount "103"]
[GameId "2160767909334772"]
[EventDate "2013.07.10"]
[EventType "swiss"]
[EventRounds "6"]
[EventCountry "CAN"]
[SourceTitle "hb 2013"]

1. e4 Nf6 2. e5 Nd5 3. d4 d6 4. Nf3 Bg4 5. Be2 Nd7 6. h3 Bh5 7. e6 N7f6 8. Ng5 Bg6 9. c4 Nb6 10. d5 h6 11. exf7+ Bxf7 12. Nxf7 Kxf7 13. O-O Qd7 14. Nc3 e5 15. f4 e4 16. f5 c6 17. Rf4 cxd5 18. cxd5 Rc8 19. a4 Rc5 20. Be3 Qc7 21. Nb5 Qb8 22. Bxc5 dxc5 23. d6 Nfd5 24. Bc4 Bxd6 25. Bxd5+ Kf8 26. Rxe4 Be5 27. a5 Nd7 28. Qh5 Qe8 29. Qxe8+ Kxe8 30. Rae1 Rf8 31. Rxe5+ Nxe5 32. Rxe5+ Kd8 33. Bxb7 c4 34. Bc6 a6 35. Re8+ Rxe8 36. Bxe8 Kxe8 37. Nd6+ Kd7 38. Nxc4 Kc6 39. g4 Kb5 40. Na3+ Kxa5 41. h4 Kb4 42. g5 hxg5 43. hxg5 a5 44. f6 gxf6 45. gxf6 a4 46. f7 Kb3 47. f8=Q Ka2 48. Qb4 Ka1 49. Nc4 Kb1 50. Qc3 Ka2 51. Nd2 a3 52. Qxa3# 1-0

[Event "CYCC U14"]
[Site "Ottawa CAN"]
[Date "2013.07.10"]
[Round "2"]
[White "Wang, Edward"]
[Black "Kuttner, Simon"]
[Result "0-1"]
[WhiteElo "1303"]
[BlackElo "1877"]
[PlyCount "116"]
[GameId "2160767909334773"]
[EventDate "2013.07.10"]
[EventType "swiss"]
[EventRounds "6"]
[EventCountry "CAN"]
[SourceTitle "hb 2013"]

1. d4 d5 2. c4 c6 3. Nd2 Nf6 4. Ngf3 e6 5. g3 Be7 6. Bg2 O-O 7. O-O Nbd7 8. b3 b6 9. Bb2 Bb7 10. Qc2 Rc8 11. Rfe1 b5 12. c5 a5 13. e4 dxe4 14. Nxe4 Nd5 15. a3 h6 16. Ne5 Qc7 17. Nc3 Nxc3 18. Qxc3 Nf6 19. Qd3 Rcd8 20. Qd2 Ra8 21. f4 Rfd8 22. b4 Nd5 23. Bc3 a4 24. Bb2 Bc8 25. Re2 Bf8 26. Rf1 g6 27. h4 h5 28. Bf3 Ne7 29. Rg2 f6 30. Nd3 Nf5 31. Nf2 Bg7 32. g4 Nxh4 33. Rg3 Nxf3+ 34. Rxf3 hxg4 35. Nxg4 e5 36. fxe5 Bxg4 37. Rg3 Bf5 38. Qh2 fxe5 39. dxe5 Qc8 40. e6 Qxe6 41. Bxg7 Kxg7 42. Qb2+ Qf6 43. Qxf6+ Kxf6 44. Kf2 Rd2+ 45. Ke1 Rd5 46. Rh1 Re8+ 47. Kf2 Rd2+ 48. Kf3 Be4+ 49. Kf4 Bxh1 50. Rg5 Rd3 51. Rf5+ Kg7 52. Re5 Rf3+ 53. Ke4 Rf5+ 54. Kd4 Rfxe5 55. Kd3 Re3+ 56. Kd2 Rxa3 57. Kc1 Re2 58. Kb1 Rg3 0-1

[Event "CYCC U14"]
[Site "Ottawa CAN"]
[Date "2013.07.10"]
[Round "2"]
[White "Yang, Ryan2"]
[Black "Xi, Jason"]
[Result "1-0"]
[WhiteElo "1866"]
[BlackElo "1283"]
[PlyCount "75"]
[GameId "2160767909334775"]
[EventDate "2013.07.10"]
[EventType "swiss"]
[EventRounds "6"]
[EventCountry "CAN"]
[SourceTitle "hb 2013"]

1. e4 c5 2. Nf3 d6 3. d4 cxd4 4. Nxd4 Nf6 5. Nc3 g6 6. Be3 Bg7 7. f3 Nc6 8. Bc4 O-O 9. Qd2 Bd7 10. O-O-O Rc8 11. Bb3 h5 12. h4 Ne5 13. Bh6 Rc5 14. Bxg7 Kxg7 15. Kb1 b5 16. a3 a5 17. Rdg1 b4 18. axb4 axb4 19. Nce2 Qa5 20. Nc1 Nc4 21. Bxc4 Rxc4 22. Ncb3 Qa4 23. Qd3 Rfc8 24. g4 e5 25. gxh5 Nxh5 26. Nf5+ Bxf5 27. exf5 Nf4 28. Qxd6 Rxc2 29. Qxe5+ Kh7 30. fxg6+ Nxg6 31. Qh5+ Kg7 32. Qe5+ f6 33. Rxg6+ Kxg6 34. Rg1+ Kf7 35. Qd5+ Kf8 36. Rg8+ Ke7 37. Rg7+ Ke8 38. Qg8# 1-0

[Event "CYCC U14"]
[Site "Ottawa CAN"]
[Date "2013.07.10"]
[Round "2"]
[White "Yu, Robin"]
[Black "Doknjas, John"]
[Result "0-1"]
[WhiteElo "1751"]
[BlackElo "2065"]
[PlyCount "48"]
[GameId "2160767909334776"]
[EventDate "2013.07.10"]
[EventType "swiss"]
[EventRounds "6"]
[EventCountry "CAN"]
[SourceTitle "hb 2013"]

1. d4 Nf6 2. c4 c5 3. d5 e6 4. Nc3 exd5 5. cxd5 d6 6. e4 g6 7. h3 Bg7 8. Nf3 O-O 9. Bd3 Nh5 10. O-O Nd7 11. Be2 h6 12. Re1 Re8 13. Qc2 a6 14. a4 Qf6 15. g3 Ne5 16. Nxe5 Qxe5 17. Kg2 Nf6 18. Bd3 g5 19. Nb1 Nxd5 20. Qb3 Nb4 21. Nd2 Qe6 22. Qa3 Qxh3+ 23. Kg1 Bd4 24. Nf3 Qxg3+ 0-1

[Event "CYCC U14"]
[Site "Ottawa CAN"]
[Date "2013.07.10"]
[Round "2"]
[White "Zhang, Jeff"]
[Black "Yu, Wenlu"]
[Result "0-1"]
[WhiteElo "1500"]
[BlackElo "2032"]
[PlyCount "98"]
[GameId "2160767909334777"]
[EventDate "2013.07.10"]
[EventType "swiss"]
[EventRounds "6"]
[EventCountry "CAN"]
[SourceTitle "hb 2013"]

1. e4 c5 2. Nf3 d6 3. d4 cxd4 4. Nxd4 Nf6 5. Nc3 a6 6. Bg5 Nbd7 7. f4 e6 8. Qf3 Be7 9. O-O-O Qc7 10. g4 b5 11. Bxf6 Nxf6 12. g5 Nd7 13. f5 Bxg5+ 14. Kb1 Nf6 15. fxe6 fxe6 16. Bh3 e5 17. Nf5 Bxf5 18. Bxf5 O-O 19. Qe2 Kh8 20. Nd5 Nxd5 21. Rxd5 g6 22. Bh3 Rf4 23. Rf1 Raf8 24. Rdd1 Qc5 25. Rxf4 Rxf4 26. Rf1 Qd4 27. Rxf4 Bxf4 28. c3 Qg1+ 29. Kc2 Bxh2 30. Qf3 Bf4 31. Qd3 Qf2+ 32. Kb3 Qc5 33. Be6 a5 34. a4 bxa4+ 35. Kxa4 Kg7 36. b4 axb4 37. cxb4 Qb6 38. b5 Kf6 39. Bd5 h5 40. Qc4 Be3 41. Qf1+ Bf2 42. Qh3 Qa7+ 43. Kb4 Bc5+ 44. Kc4 Qa4+ 45. Kc3 Qa3+ 46. Bb3 Qb4+ 47. Kb2 Qd4+ 48. Kc1 Ba3+ 49. Kc2 Qxe4+ 0-1

[Event "CYCC U14"]
[Site "Ottawa CAN"]
[Date "2013.07.10"]
[Round "3"]
[White "D'Amore, Tyler"]
[Black "Fischer, Zachary"]
[Result "1-0"]
[WhiteElo "965"]
[BlackElo "979"]
[PlyCount "45"]
[GameId "2160767909334778"]
[EventDate "2013.07.10"]
[EventType "swiss"]
[EventRounds "6"]
[EventCountry "CAN"]
[SourceTitle "hb 2013"]

1. e4 e5 2. Nf3 Nc6 3. Bc4 Nf6 4. d3 Bc5 5. Nc3 Ng4 6. O-O d6 7. h3 Nf6 8. Bg5 O-O 9. Qd2 h6 10. Bxh6 gxh6 11. Qxh6 Qe7 12. Nd5 Nxd5 13. Bxd5 Be6 14. Ng5 Qxg5 15. Qxg5+ Kh8 16. Kh1 Bxd5 17. exd5 Nb4 18. f4 f6 19. Qh6+ Kg8 20. fxe5 dxe5 21. Rf5 Nxd5 22. Qg6+ Kh8 23. Rh5# 1-0

[Event "CYCC U14"]
[Site "Ottawa CAN"]
[Date "2013.07.11"]
[Round "3"]
[White "Baskaran, Karthik"]
[Black "Forsyth, Dane"]
[Result "1-0"]
[WhiteElo "1368"]
[BlackElo "1038"]
[PlyCount "155"]
[GameId "2160767909334780"]
[EventDate "2013.07.10"]
[EventType "swiss"]
[EventRounds "6"]
[EventCountry "CAN"]
[SourceTitle "hb 2013"]

1. e4 c5 2. Nf3 Nc6 3. d4 e6 4. a3 Nf6 5. Nc3 b6 6. Bg5 Be7 7. dxc5 bxc5 8. h3 h6 9. Bf4 a6 10. Bc4 Bb7 11. O-O Nh5 12. Bh2 d6 13. Nd2 Nf6 14. Bb3 O-O 15. Nc4 e5 16. f3 Nd4 17. Ne2 Nxb3 18. cxb3 Qc7 19. Ng3 Bc8 20. Rc1 Rd8 21. Qc2 Qa7 22. Kh1 Be6 23. Rfd1 Rab8 24. Rd3 Qb7 25. Nf5 Bxf5 26. exf5 Ne8 27. Rcd1 f6 28. Na5 Qb5 29. Qc4+ Qxc4 30. Nxc4 Kh7 31. Bg1 Rbc8 32. Na5 Rc7 33. b4 Rdc8 34. bxc5 dxc5 35. Nc4 Rb7 36. Rd7 Rxd7 37. Rxd7 Rc7 38. Nb6 Rxd7 39. Nxd7 c4 40. Nb6 Nd6 41. Bc5 Nxf5 42. Bxe7 c3 43. bxc3 Nxe7 44. c4 Kg6 45. Kg1 Kf5 46. Na4 e4 47. fxe4+ Kxe4 48. Nc5+ Kd4 49. Nxa6 Kxc4 50. Kf2 Kd5 51. Nb4+ Kd6 52. Kf3 Ke5 53. a4 Nc8 54. a5 h5 55. a6 Na7 56. Nd3+ Kf5 57. g3 g5 58. Ke3 Ke6 59. Kd4 Kd6 60. Ke4 Ke6 61. Nc5+ Ke7 62. Kf5 Kf7 63. Ne4 h4 64. g4 Kg7 65. Nxf6 Kh6 66. Ne4 Nc6 67. Nxg5 Na7 68. Nf3 Kg7 69. Nxh4 Kf7 70. g5 Kg7 71. g6 Nc6 72. Kg5 Na7 73. Nf5+ Kg8 74. Kf6 Nc6 75. Nh6+ Kh8 76. g7+ Kh7 77. g8=Q+ Kxh6 78. Qg6# 1-0

[Event "CYCC U14"]
[Site "Ottawa CAN"]
[Date "2013.07.11"]
[Round "3"]
[White "Belec, Eric"]
[Black "Wang, Edward"]
[Result "0-1"]
[WhiteElo "748"]
[BlackElo "1303"]
[PlyCount "120"]
[GameId "2160767909334782"]
[EventDate "2013.07.10"]
[EventType "swiss"]
[EventRounds "6"]
[EventCountry "CAN"]
[SourceTitle "hb 2013"]

1. e4 c6 2. d3 d5 3. g3 dxe4 4. Bf4 Nf6 5. Bg2 exd3 6. Qxd3 Qxd3 7. cxd3 Bf5 8. d4 Nbd7 9. Ne2 Nd5 10. Bxd5 cxd5 11. O-O Bd3 12. Nbc3 e6 13. Rfd1 Bg6 14. Bg5 Bb4 15. Rac1 O-O 16. Nb5 Bh5 17. Kf1 h6 18. Bd2 Bxd2 19. Rxd2 a6 20. Nc7 Rac8 21. Rdc2 Nf6 22. Nxe6 Bxe2+ 23. Kxe2 Rxc2+ 24. Rxc2 fxe6 25. Rc7 Rf7 26. Rc8+ Kh7 27. Kd3 Ne4 28. Ke3 Nxf2 29. Re8 Rf6 30. Re7 b5 31. Ra7 Ng4+ 32. Kd3 Nxh2 33. Rxa6 Nf1 34. Kc3 Nxg3 35. Kb4 h5 36. Kxb5 h4 37. a4 h3 38. Rc6 h2 39. Rc1 h1=Q 40. Rxh1+ Nxh1 41. a5 Rf2 42. b4 Rb2 43. a6 Ra2 44. Kb6 g5 45. a7 g4 46. Kb7 g3 47. a8=Q Rxa8 48. Kxa8 g2 49. b5 g1=Q 50. b6 Qxd4 51. b7 Qb6 52. b8=Q Qxb8+ 53. Kxb8 d4 54. Kc7 d3 55. Kd6 d2 56. Kxe6 d1=Q 57. Kf7 Qd6 58. Ke8 Qc7 59. Kf8 Kg6 60. Ke8 Kf6 0-1

[Event "CYCC U14"]
[Site "Ottawa CAN"]
[Date "2013.07.11"]
[Round "3"]
[White "Booth, Andrew"]
[Black "Lee, Stefano"]
[Result "0-1"]
[WhiteElo "759"]
[BlackElo "954"]
[PlyCount "74"]
[GameId "2160767909334783"]
[EventDate "2013.07.10"]
[EventType "swiss"]
[EventRounds "6"]
[EventCountry "CAN"]
[SourceTitle "hb 2013"]

1. d4 c6 2. e4 d5 3. Nc3 dxe4 4. Nxe4 Bf5 5. Nc3 Nf6 6. Bf4 e6 7. Nf3 Bb4 8. h3 O-O 9. Ne5 Ne4 10. g4 Bxc3+ 11. bxc3 Nxc3 12. Qf3 Be4 13. Qxc3 Bxh1 14. Qe3 Qa5+ 15. c3 f6 16. Nc4 Qd5 17. Rb1 Qe4 18. Bd3 Qxe3+ 19. fxe3 c5 20. Bd6 Rd8 21. Ke2 Bd5 22. Bxc5 Nc6 23. Rxb7 Ne5 24. Rb4 Bxc4 25. dxe5 Bxd3+ 26. Kd2 Bc4+ 27. Bd4 Bxa2 28. exf6 gxf6 29. Rb2 Bc4 30. Kc2 e5 31. Bc5 Rd7 32. Rb6 axb6 33. Bxb6 Ra2+ 34. Kc1 Rdd2 35. e4 Rh2 36. Bg1 Rh1 37. Kd1 Rxg1# 0-1

[Event "CYCC U14"]
[Site "Ottawa CAN"]
[Date "2013.07.11"]
[Round "3"]
[White "Cheung, Lukas"]
[Black "Colvin, Andrew"]
[Result "1-0"]
[WhiteElo "1496"]
[BlackElo "1043"]
[PlyCount "57"]
[GameId "2160767909334784"]
[EventDate "2013.07.10"]
[EventType "swiss"]
[EventRounds "6"]
[EventCountry "CAN"]
[SourceTitle "hb 2013"]

1. d4 c5 2. d5 Nf6 3. c4 h6 4. Nc3 b6 5. e4 d6 6. f4 Qc7 7. Nf3 Bg4 8. Be2 Bxf3 9. Bxf3 Nbd7 10. Qe2 e5 11. f5 a6 12. Bd2 Be7 13. g4 O-O-O 14. O-O Rdg8 15. h4 g5 16. h5 Qb7 17. Rfb1 Ne8 18. b4 f6 19. a4 Nc7 20. a5 b5 21. bxc5 Nxc5 22. cxb5 axb5 23. Nxb5 Nxb5 24. Rxb5 Qa7 25. Be3 Rh7 26. Qc4 Bf8 27. Bxc5 dxc5 28. d6 Bxd6 29. Qxg8+ 1-0

[Event "CYCC U14"]
[Site "Ottawa CAN"]
[Date "2013.07.11"]
[Round "3"]
[White "Doknjas, John"]
[Black "Saha, Ananda"]
[Result "1-0"]
[WhiteElo "2065"]
[BlackElo "1816"]
[PlyCount "95"]
[GameId "2160767909334785"]
[EventDate "2013.07.10"]
[EventType "swiss"]
[EventRounds "6"]
[EventCountry "CAN"]
[SourceTitle "hb 2013"]

1. d4 d5 2. c4 e6 3. Nc3 Nf6 4. Bg5 Be7 5. Nf3 Nbd7 6. e3 O-O 7. Bd3 dxc4 8. Bxc4 b6 9. O-O Bb7 10. Qe2 Nd5 11. Bxe7 Qxe7 12. e4 Nxc3 13. bxc3 Nf6 14. Bd3 c5 15. h4 c4 16. Bb1 h6 17. Re1 b5 18. Qc2 Bxe4 19. Rxe4 Nxe4 20. Qxe4 f5 21. Qe5 Rfe8 22. a3 Qb7 23. Bc2 Qd5 24. Qxd5 exd5 25. Bxf5 Re2 26. Kf1 Rb2 27. Be6+ Kf8 28. Bxd5 Rd8 29. Bc6 Rb3 30. a4 bxa4 31. Rxa4 Rxc3 32. Rxa7 Rc1+ 33. Ke2 Rc2+ 34. Ke3 c3 35. Be4 Rc1 36. Ra2 Re8 37. Ne5 Re1+ 38. Kd3 Rc8 39. Bc6 Rxe5 40. dxe5 Rxc6 41. Rc2 Re6 42. Kd4 Rg6 43. g3 Rg4+ 44. Kd5 Ra4 45. Rxc3 Ra5+ 46. Ke4 Ra4+ 47. Kf5 Ra6 48. h5 1-0

[Event "CYCC U14"]
[Site "Ottawa CAN"]
[Date "2013.07.11"]
[Round "3"]
[White "Gariaev, Gleb"]
[Black "Yu, Robin"]
[Result "0-1"]
[WhiteElo "1199"]
[BlackElo "1751"]
[PlyCount "108"]
[GameId "2160767909334786"]
[EventDate "2013.07.10"]
[EventType "swiss"]
[EventRounds "6"]
[EventCountry "CAN"]
[SourceTitle "hb 2013"]

1. e4 Nf6 2. Nc3 d5 3. d4 dxe4 4. Bg5 Bf5 5. Qe2 c6 6. Bxf6 gxf6 7. Nxe4 Qxd4 8. Nc3 Nd7 9. Nf3 Qb6 10. O-O-O O-O-O 11. Nd4 Bg6 12. Qc4 Qc7 13. Qa4 Kb8 14. g3 Nb6 15. Qa5 Bh6+ 16. f4 Bxf4+ 17. Kb1 Be5 18. Qc5 Qd6 19. Qxd6+ Rxd6 20. Nde2 Rxd1+ 21. Nxd1 Rd8 22. Bh3 Rd2 23. Bg4 Bxc2+ 24. Kc1 Rxd1+ 25. Rxd1 Bxd1 26. Kxd1 Bxb2 27. Kd2 Be5 28. Bh5 Kc7 29. Bxf7 Kd6 30. Kd3 e6 31. Nf4 Bxf4 32. gxf4 f5 33. Kd4 c5+ 34. Ke3 e5 35. h4 Nd5+ 36. Bxd5 Kxd5 37. a4 exf4+ 38. Kxf4 c4 39. Ke3 Ke5 40. Kd2 f4 41. Kc3 f3 42. Kd2 c3+ 43. Kxc3 f2 44. Kd2 f1=Q 45. Kc3 Qf4 46. h5 Qd4+ 47. Kb3 Kd5 48. h6 Qc4+ 49. Kb2 Kd4 50. a5 Kd3 51. a6 Qc3+ 52. Kb1 Qb3+ 53. Ka1 Kc3 54. axb7 Qb2# 0-1